000 01281nam a22003497a 4500
003 CHAP
005 20220329141111.0
008 971014s1997 r 00010 d
010 _a62579
011 _a63551
035 _a67727
040 _cCHAP
090 _aTesis
100 0 0 _aPeña Garza, Luis Alberto.
_986791
245 _aDiseño y evaluación de un sistema de riego por microaspersión para una huerta de nogal (Carya illinoensis, Koch) de la Facultad de Agronomía, Marín, N.L.
260 _aMarín, N. L. :
_bEl autor,
_c1997
300 _a88 h.
_b: ilus. ; tablas
502 _aTesis (Ing. Agr.) -- Universidad Autónoma de Nuevo León. Facultad de Agronomía
590 _aALEPH
_b10
_c20130110
_lUCH01
_h1345
590 _aBATCH-UPD
_b10
_c20130110
_lUCH01
_h0420
590 _aBATCH-UPD
_b10
_c20130110
_lUCH01
_h2029
590 _aBATCH-UPD
_b10
_c20130410
_lUCH01
_h0055
590 _aBATCH-UPD
_b10
_c20130914
_lUCH01
_h1658
590 _aCONVERSION
_b10
_c20130109
_lUCH01
_h1334
650 1 4 _aIrrigación
_xImplementos y maquinaria.
_960421
650 1 4 _aPecán
_xIrrigación.
_986495
650 1 4 _aPecán
_xNuevo León.
_986497
650 1 4 _aRiego por aspersión.
_997375
901 _aBK
942 _cTESIS
949 _bBC
_cTES
_d-153115
_eTS1
_h31270
_i67727
_si
999 _c62579
_d62579